Şiirleri /

Saved in:
Bibliographic Details
Main Author: Aşık Sadık.
Other Authors: Eyuboğlu, İsmet Zeki.
Format: Book
Language:Turkish
Published: Cağaloğlu, İstanbul : Pencere Yayınları, 1997.
Edition:1. baskı.
Series:Alevilik ; 7.
Subjects:
Tags: Add Tag
No Tags, Be the first to tag this record!
LEADER 00790nam a2200289 a 4500
001 007730498-5
005 20020606104010.5
008 980310s1997 tu 000|0 tur d
020 |a 9757814601 
035 0 |a ocm38576607 
040 |a OSU  |c OSU 
090 |a PL248.A8568  |b A17 1997 
100 0 |a Aşık Sadık. 
240 1 0 |a Poems 
245 1 0 |a Şiirleri /  |c Aşık Sadık ; derleyen, İsmet Zeki Eyuboğlu. 
250 |a 1. baskı. 
260 |a Cağaloğlu, İstanbul :  |b Pencere Yayınları,  |c 1997. 
300 |a 105 p. ;  |c 20 cm. 
490 1 |a Alevilik ;  |v 7 
500 |a Poems. 
500 |a "75"--P. facing t.p. 
650 0 |a Sufi poetry, Turkish. 
700 1 |a Eyuboğlu, İsmet Zeki. 
752 |a Turkey  |d Istanbul. 
830 0 |a Alevilik ;  |v 7. 
988 |a 20020608 
906 |0 OCLC